| 000 | 01294nam a22003731i 4500 | ||
|---|---|---|---|
| 001 | bslw10110237 | ||
| 003 | UtOrBLW | ||
| 005 | 20240305165701.0 | ||
| 006 | m o d | ||
| 007 | cr un ---uuuua | ||
| 008 | 231213s2022 ck abd o 000 0 spa d | ||
| 020 |
_a9789585000599 _q(impreso) |
||
| 020 |
_a9789585000605 _q(ePub) |
||
| 020 |
_a9789585000612 _q(pdf) |
||
| 035 | _a42734 | ||
| 040 |
_aUtOrBLW _beng _erda _cUtOrBLW |
||
| 043 | _as-ck--- | ||
| 050 | 4 |
_aKHH2817 _b.M43 2022 |
|
| 082 | 0 | 4 |
_a347.86109 _223 |
| 245 | 0 | 0 |
_aMecanismos alternativos de solución de conflictos / _cManuel Alberto Restrepo Medina, editor académico. |
| 250 | _aPrimera edición. | ||
| 264 | 1 |
_aBogotá, D.C. : _bUniversidad del Rosario, _c2022. |
|
| 300 |
_a1 online resource (ix, 256 pages) : _billustrations (chiefly color), charts, maps |
||
| 336 |
_atext _btxt _2rdacontent |
||
| 337 |
_acomputer _bc _2rdamedia |
||
| 338 |
_aonline resource _bcr _2rdacarrier |
||
| 650 | 0 |
_aDispute resolution (Law) _zColombia. |
|
| 650 | 0 |
_aConflict management _zColombia. |
|
| 700 | 1 |
_aRestrepo Medina, Manuel Alberto, _eeditor. |
|
| 856 | 4 | 0 | _uhttps://app.vlex.com/#/sources/42734 |
| 912 |
_a1993 _b12/13/2023 _m10110237 _ncha _cOE _o000000-1 _g1993 _h12/19/2023 |
||
| 911 |
_1Vlex _2Original |
||
| 942 | _cRAA | ||
| 999 |
_c173376 _d173376 |
||